000 00298nam a22001337a 4500
008 170208b xxu||||| |||| 00| 0 eng d
020 _a0534012892
041 _aeng
080 _a61
100 _a4
101 _aSHM
245 _aBASIC ISSUES IN MEDICAL ETHICS
_cRONALD MUNSON
942 _2udc
_cBK
999 _c4917
_d4917